000 01277naa a22003017a 4500
001 BR7405276
003 BR-BrBNA
005 20240918173607.0
007 ta
008 230509b bl.||||| |||| 00| 0 por d
040 _aBR-BrBNA
_bpor
_cBiblioteca Nacional de Agricultura
041 _a(Pt)
072 _aP12; E70; F00
_b1300
_bG514
090 _aP12 BR7405276
100 1 _aChiarini, M.R.
100 1 _aBrilho, L.C.
111 1 _aMesas Redondas de Algodao, do Cafe e da Conservacao do Solo
_cSao Paulo, SP (Brazil)
_d1948
245 1 _aIrrigacao de hortas comerciais [Preco; Brasil]
260 3 _aSao Paulo, SP (Brasil):
_c1950.
500 _aAnais das Mesas Redondas do Algodao, do Cafe e da Conservacao do Solo; organizadas sob os auspicios do Instituto de Economia Rural 1948-1949. Teses apresentadas Sao Paulo, SP (Brasil): 1950. p. 227-245 (BR7405276-AM)P12
650 _aIRRIGACAO
650 _aHORTALICA
650 _aPRECO
650 _aHORTICULTURA
773 0 _tAnais das Mesas Redondas do Algodao, do Cafe e da Conservacao do Solo; organizadas sob os auspicios do Instituto de Economia Rural 1948-1949. Teses apresentadas
_b
_wP12 BR7405276
_gSao Paulo, SP (Brasil), 1950. p. 227-245
909 _a202404
_bLucia
_c55
_dLucia Elande
942 _cAM
_2AGRIS
999 _c305627
_d305627